Văn hoá học và văn hoá Việt Nam Dành cho các trường Sư phạm đào tạo giáo viên THCS
Những nét khái quát: Về văn hoá học và văn hoá Việt Nam, văn hoá tổ chức đời sống tập thể, cá nhân, văn hoá ứng xử với môi trường tự nhiên và xã hội
में बचाया:
| मुख्य लेखक: | |
|---|---|
| अन्य लेखक: | |
| स्वरूप: | पुस्तक |
| भाषा: | Vietnamese |
| प्रकाशित: |
H.
Đại học Sư phạm
2004
|
| विषय: | |
| टैग : |
टैग जोड़ें
कोई टैग नहीं, इस रिकॉर्ड को टैग करने वाले पहले व्यक्ति बनें!
|
| Thư viện lưu trữ: | Mạng thư viện Đại học Đà Nẵng |
|---|
| LEADER | 01629nam a22003978a 4500 | ||
|---|---|---|---|
| 001 | 000006804 | ||
| 003 | 2964 | ||
| 005 | 20110922130918.0 | ||
| 008 | 110921s2004 viesd | ||
| 020 | |d 600b | ||
| 041 | |a vie | ||
| 082 | |a 306.09597 |b TR-T | ||
| 084 | |b V115H | ||
| 084 | |a U111z73 | ||
| 100 | 0 | |a Trần Ngọc Thêm | |
| 245 | |a Văn hoá học và văn hoá Việt Nam |b Dành cho các trường Sư phạm đào tạo giáo viên THCS |c B.s.: Trần Ngọc Thêm (ch.b.), Phạm Hồng Quang | ||
| 260 | |a H. |b Đại học Sư phạm |c 2004 | ||
| 300 | |a 215tr. |b ảnh, hình vẽ |c 24cm | ||
| 500 | |a ĐTTS ghi: Bộ Giáo dục và Đào tạo. Dự án Đào tạo Giáo viên THCS | ||
| 504 | |a Thư mục: tr. 215 | ||
| 520 | |a Những nét khái quát: Về văn hoá học và văn hoá Việt Nam, văn hoá tổ chức đời sống tập thể, cá nhân, văn hoá ứng xử với môi trường tự nhiên và xã hội | ||
| 650 | 7 | |2 Bộ TK TVQG |a Văn hoá | |
| 650 | 7 | |2 Bộ TK TVQG |a Văn hoá học | |
| 651 | 7 | |2 Bộ TK TVQG |a Việt Nam | |
| 655 | 7 | |2 Bộ TK TVQG |a Giáo trình | |
| 700 | 0 | |a Phạm Hồng Quang |e b.s. | |
| OWN | |a LSP | ||
| AVA | |a UDN50 |b LSP |d 306.09597 TR-T |e available |t Error 5001 Not defined in file expand_doc_bib_avail. |f 2 |g 0 |h N |i 0 |k 1 | ||
| 999 | |a From the UDN01 | ||
| AVA | |a UDN50 |b LSP |d 306.09597 TR-T |e available |t Error 5001 Not defined in file expand_doc_bib_avail. |f 2 |g 0 |h N |i 0 |k 1 | ||
| TYP | |a Monograph | ||
| TYP | |a Printed language | ||
| 980 | |a Mạng thư viện Đại học Đà Nẵng | ||